| 000 | 00811cam a22002411 4500 | ||
|---|---|---|---|
| 001 | 83689 | ||
| 003 | BD-RjUL | ||
| 005 | 20240508131727.0 | ||
| 008 | 240507s19801400ii b b 000 0 urdr | ||
| 035 | _a(BD-RjUL) 83689 | ||
| 040 |
_aDLC _cWaU _dDLC _beng |
||
| 041 | _aurd | ||
| 082 |
_223 _a297.35201538 _bDAS 1955 |
||
| 100 | 0 |
_aAbdul Majid ;; ,عبد المجید _d1892-1977. _912905 |
|
| 245 | 1 | 0 |
_aSafar-i Ḥijāz. ;; سفر حجاز / _cعبد المجید ;; Abdul Majid |
| 260 |
_c1955 _aادارہ انشائے ماجدی;; _bKolkata : |
||
| 300 |
_a476 p. _bmaps. _c22 cm. |
||
| 500 | _aIn Urdu. | ||
| 504 | _aBibliographical footnotes. | ||
| 650 | 0 |
_aPilgrims and pilgrimages _zSaudi Arabia _zMecca. _912906 |
|
| 651 | 0 |
_aHejaz (Saudi Arabia) _xDescription and travel. _912907 |
|
| 942 |
_2ddc _cBK |
||
| 999 |
_c83689 _d83689 |
||